Construction industry structure in India (Record no. 115479)

MARC details
000 -LEADER
fixed length control field 01368cad a2200277 4500
001 - CONTROL NUMBER
control field L158726
008 - FIXED-LENGTH DATA ELEMENTS--GENERAL INFORMATION
fixed length control field 100215n2013 000 0 eng u
020 ## - INTERNATIONAL STANDARD BOOK NUMBER
International Standard Book Number 9781783210305
035 ## - SYSTEM CONTROL NUMBER
System control number (Sirsi) u158726
041 ## - LANGUAGE CODE
Language code of text/sound track or separate title eng
100 1# - MAIN ENTRY--PERSONAL NAME
Personal name Syed, Nihas
111 2# - MAIN ENTRY--MEETING NAME
Meeting name or jurisdiction name as entry element Construction and Building Research Conference
Location of meeting IIT Delhi, New Delhi
Date of meeting or treaty signing 10-12 September 2013
245 00 - TITLE STATEMENT
Title Construction industry structure in India
Medium [electronic resource]
260 ## - PUBLICATION, DISTRIBUTION, ETC.
Place of publication, distribution, etc. London
Name of publisher, distributor, etc. RICS
Date of publication, distribution, etc. 2013
490 #0 - SERIES STATEMENT
Series statement COBRA
Volume/sequential designation 2013
520 ## - SUMMARY, ETC.
Summary, etc. A paper presented at the COBRA Conference in New Delhi on 10-12 September 2013. Looks at the economic concerns and inefficiencies in the Indian construction industry and investigates a model that both explains this industry's structure as well as providing a framework to improve efficiency. The Best Value (BV) model is examined as an approach to be adopted in lieu of the traditional approach. This could result in efficient construction projects by minimizing cost overruns and delays, which until now have been a rarity.
650 24 - SUBJECT ADDED ENTRY--TOPICAL TERM
Topical term or geographic name entry element CONSTRUCTION AND BUILDING RESEARCH CONFERENCE (COBRA)
650 24 - SUBJECT ADDED ENTRY--TOPICAL TERM
Topical term or geographic name entry element BEST VALUE
650 24 - SUBJECT ADDED ENTRY--TOPICAL TERM
Topical term or geographic name entry element PERFORMANCE
650 24 - SUBJECT ADDED ENTRY--TOPICAL TERM
Topical term or geographic name entry element CONSTRUCTION INDUSTRY EFFICIENCY INITIATIVES
651 #4 - SUBJECT ADDED ENTRY--GEOGRAPHIC NAME
Geographic name India
690 ## - LOCAL SUBJECT ADDED ENTRY--TOPICAL TERM (OCLC, RLIN)
Topical term or geographic name as entry element Project management
9 (RLIN) 6261
700 1# - ADDED ENTRY--PERSONAL NAME
Personal name Barlish, Kristen C.
700 1# - ADDED ENTRY--PERSONAL NAME
Personal name Kashiwagi, Dean T.
942 ## - ADDED ENTRY ELEMENTS (KOHA)
Suppress in OPAC 0
Holdings
Withdrawn status Lost status Source of classification or shelving scheme Damaged status Not for loan Home library Current library Shelving location Date acquired Total Checkouts Full call number Barcode Date last seen Copy number Price effective from Koha item type
    Dewey Decimal Classification     Virtual Virtual Online 01/07/2015   ONLINE PUBLICATION 158726-2001 06/08/2019 1 06/08/2019 Book